|
|
|
|
| LEADER |
00000ny a22000003n 4500 |
| 005 |
20110621111536.0 |
| 008 |
020412s2002 sp 000 0 spa d |
| 017 |
|
|
|a D.L.M3659-01
|
| 020 |
|
|
|a 9788481558692
|
| 035 |
|
|
|a 280
|
| 040 |
|
|
|a BUS
|d vlex
|
| 080 |
|
|
|a 342.723(460)
|
| 090 |
|
|
|c 1154
|d 1154
|
| 100 |
1 |
|
|a Herrǹ Ortz̕, Ana Isabel
|
| 245 |
1 |
3 |
|a El derecho a la intimidad en la nueva Ley orgǹica de proteccin̤ de datos personales
|h [Recurso electrn̤ico]
|c Ana Isabel Herrǹ Ortiz
|
| 256 |
|
|
|a Servicio en ln̕ea
|
| 260 |
|
|
|a Madrid :
|b Dykinson,
|c 2002
|
| 300 |
|
|
|a v.
|
| 506 |
1 |
|
|a Contenido solo disponible en los productos indicados
|d vLex Global
|d vLex Global (Academic Edition, excluding Law Schools)
|d vLex Global (U.S. Academic Edition, Law Schools)
|d vLex Global (U.S. Academic Edition, excluding Law Schools)
|d vLex Global (Academic Edition, Law Schools)
|
| 650 |
0 |
7 |
|a Derecho a la vida privada
|2 Tesauro vLex
|
| 650 |
0 |
7 |
|a Proteccin̤ de la informacin̤ (Informt̀ica)
|2 Tesauro vLex
|
| 650 |
0 |
7 |
|a Datos personales
|2 Tesauro vLex
|
| 650 |
0 |
7 |
|a Civil
|2 Tesauro vLex
|
| 650 |
0 |
7 |
|a Derecho a la intimidad
|2 Tesauro vLex
|
| 650 |
0 |
7 |
|a Proteccin̤ de datos personales
|2 Tesauro vLex
|
| 740 |
0 |
|
|a vLex Libros (Servicios en ln̕ea)
|
| 856 |
4 |
0 |
|u http://vlex.com/source/280
|z Acceso restringido
|
| 942 |
|
|
|c BOOK
|